000
00244nam a2200097Ia 4500
001
680202
005
20250826161337.0
008
250824s9999 xx 000 0 und d
245
0
_a
UÇAN SALI
_c
MÜGE İPLİKÇİ
260
_b
GÜNIŞIĞI KİTAPLIĞI
999
_c
680202
_d
680202